[Event "4th 4NCL Easter Congress"]
[Site "Holiday Inn Peterborough - West"]
[Date "2024.03.30"]
[Round "2"]
[Board "8"]
[White "Gibbs, John"]
[Black "Cuthbert, Larissa"]
[Result "0-1"]
[WhiteElo "1699"]
[BlackElo "1605"]
[PlyCount "0"]
[EventDate "2024.03.29"]
[EventRounds "7"]
[EventCountry "ENG"]

1. e4 e6 2. d4 d5 3. Nd2 Nf6 4. e5 Nfd7 5. Bd3 c5 6. c3 Nc6 7. Ne2 Be7 8. O-O cxd4
9. cxd4 b6 10. f4 Bb7 11. Nf3 f6 12. exf6 Nxf6 13. Ng3 Qc7 14. Re1 O-O-O 15. Rxe6
Bd6 16. Qd2 Rhe8 17. Rxe8 Rxe8 18. Bf5+ Kb8 19. Ne5 Nxd4 20. Nd3 Nc2 21. Rb1 Nd4
22. b4 g6 23. Bxg6 hxg6 24. Bb2 Ne4 25. Nxe4 Rxe4 26. Ne5 Ne2+ 27. Kh1 Bxb4 28. Qd1
Qh7 29. Qd3 Bc5 30. Re1 Nxf4 31. Qg3 Rxe1+ 32. Qxe1 Nh3 33. Nd3 Bd6 34. Qe8+ Kc7
35. Be5 g5 36. Bxd6+ Kxd6 37. Qb8+ Kc6 38. Qe8+ Kc7 39. Qe5+ Kd8 40. Qb8+ Bc8 41.
Qd6+ Qd7 42. Qf6+ Qe7 43. Qh8+ Kc7 44. Qc3+ Kb8 45. Ne5 Qf8 46. Nf3 Qc5 47. Qe5+
Qc7 48. Qxc7+ Kxc7 49. gxh3 Bxh3 50. Nxg5 Bf5 51. Nf3 Be4 52. Kg2 Kd6 53. Kf2 Bxf3
54. Kxf3 Ke5 55. Ke3 a5 56. h4 b5 57. h5 b4 58. h6 Kf6 59. h7 Kg7 60. h8=Q+ Kxh8
61. Kd4 a4 62. Kd3 a3 63. Kc2 d4 64. Kd3 b3  0-1

[Event "4th 4NCL Easter Congress"]
[Site "Holiday Inn Peterborough - West"]
[Date "2024.03.30"]
[Round "2"]
[Board "9"]
[White "Gordon, Tim"]
[Black "Fisher, Neal"]
[Result "0-1"]
[WhiteElo "1500"]
[BlackElo "1694"]
[PlyCount "0"]
[EventDate "2024.03.29"]
[EventRounds "7"]
[EventCountry "ENG"]

1. d4 d5 2. c4 Nf6 3. cxd5 Nxd5 4. e4 Nf6 5. Nc3 c6 6. Nf3 h6 7. Bc4 e6 8. Qb3 b5
9. Bd3 a5 10. O-O Be7 11. d5 a4 12. Qd1 exd5 13. exd5 Nxd5 14. Nxb5 O-O 15. Na3 Bf6
16. h3 Nb4 17. Bc4 Qxd1 18. Rxd1 Ba6 19. Bxa6 N8xa6 20. Nc4 Nc5 21. Be3 Nbd3 22.
Bd4 Bxd4 23. Nxd4 Rac8 24. Rd2 Nf4 25. Re1 Ng6 26. Na5 Rfe8 27. Naxc6 Rxe1+ 28. Kh2
Rce8 29. Rc2 Ne6 30. Nf5 Nef8 31. b3 axb3 32. axb3 R1e2 33. Nfe7+ R2xe7  0-1

[Event "4th 4NCL Easter Congress"]
[Site "Holiday Inn Peterborough - West"]
[Date "2024.03.30"]
[Round "2"]
[Board "10"]
[White "Carpenter, David J"]
[Black "Bellano, Harry"]
[Result "0-1"]
[WhiteElo "1686"]
[BlackElo "1603"]
[PlyCount "0"]
[EventDate "2024.03.29"]
[EventRounds "7"]
[EventCountry "ENG"]

1. Nf3 Nf6 2. g3 e6 3. Bg2 d5 4. d4 c5 5. e3 Nc6 6. O-O cxd4 7. exd4 Be7 8. Re1 Qb6
9. c3 O-O 10. Qe2 Bd7 11. h4 Rac8 12. Ne5 Rfd8 13. Nxd7 Rxd7 14. Nd2 Na5 15. Nf3
Nc4 16. Ne5 Rdc7 17. Nxc4 Rxc4 18. Bg5 h6 19. Bxf6 Bxf6 20. Rec1 Bxd4 21. Re1 Bf6
22. Qd2 d4  0-1

[Event "4th 4NCL Easter Congress"]
[Site "Holiday Inn Peterborough - West"]
[Date "2024.03.30"]
[Round "2"]
[Board "12"]
[White "Prabhakaran, Anvikkashri"]
[Black "Fraser, Chris A"]
[Result "0-1"]
[WhiteElo "1210"]
[BlackElo "1626"]
[PlyCount "0"]
[EventDate "2024.03.29"]
[EventRounds "7"]
[EventCountry "ENG"]

1. d4 Nf6 2. c4 e6 3. Nc3 Bb4 4. Bf4 d6 5. e3 O-O 6. Nf3 b6 7. Bd3 Bb7 8. O-O Bxc3
9. bxc3 Nbd7 10. e4 Bxe4 11. Bxe4 Nxe4 12. Qc2 Nef6 13. Bg5 h6 14. Bh4 Re8 15. d5
e5 16. Nd2 Nc5 17. f3 g5 18. Bg3 Nh7 19. Qf5 Qf6 20. Qg4 Qg6 21. Ne4 f5 22. Qh3 fxe4
23. fxe4 Rf8 24. Rf5 Nxe4 25. Raf1 Rxf5 26. Rxf5 Rf8 27. Rxf8+ Nxf8 28. Be1 Kg7 29.
Qc8 Qf7 30. Qg4 Nc5 31. h4 Qf4 32. Qh3 g4 33. Qg3 Qxg3 34. Bxg3 Kg6 35. Bf2 Ne4 36.
Be1 h5 37. g3 Kf5 38. Kg2 Nd7 39. Kf1 Nec5 40. Ke2 Ke4 41. Kf2 Nd3+ 42. Ke2 Nxe1
43. Kxe1 Ke3 44. Kf1 Nc5 45. Kg2 Ne4 46. Kh2 Nxc3 47. Kg2 Nxa2 48. Kh2 Nc3 49. Kg2
a5 50. Kf1 a4 51. Ke1 a3 52. Kf1 a2 53. Kg2 a1=Q 54. Kh2 Qb2+ 55. Kh1 Kf3 56. c5
Qg2#  0-1

[Event "4th 4NCL Easter Congress"]
[Site "Holiday Inn Peterborough - West"]
[Date "2024.03.30"]
[Round "2"]
[Board "13"]
[White "Stokes, Richard"]
[Black "Goldsmith, Jennifer"]
[Result "1-0"]
[WhiteElo "1690"]
[BlackElo "1561"]
[PlyCount "0"]
[EventDate "2024.03.29"]
[EventRounds "7"]
[EventCountry "ENG"]

1. e4 c6 2. d4 d5 3. f3 dxe4 4. fxe4 Nd7 5. Nf3 e6 6. Bd3 c5 7. c3 Ngf6 8. O-O Be7
9. e5 Nd5 10. c4 Nb4 11. Be4 cxd4 12. a3 Nc6 13. Bf4 O-O 14. Qd3 g6 15. b4 a6 16.
Bxc6 bxc6 17. Nxd4 Bb7 18. Nc3 Qc7 19. Qg3 c5 20. Nf3 Rfd8 21. Ng5 Bxg5 22. Bxg5
Rdc8 23. Rae1 cxb4 24. axb4 Qxc4 25. Ne2 Qd5 26. Nf4 Qb5 27. Qh4 Qb6+ 28. Kh1 Kh8
29. Nxg6+ fxg6 30. Rf7 Nf8 31. Bf6+ Kg8 32. Rg7+  1-0

[Event "4th 4NCL Easter Congress"]
[Site "Holiday Inn Peterborough - West"]
[Date "2024.03.30"]
[Round "2"]
[Board "14"]
[White "Poliakov, Andrii"]
[Black "Gilbert, David J"]
[Result "1-0"]
[WhiteElo "1241"]
[BlackElo "1683"]
[PlyCount "0"]
[EventDate "2024.03.29"]
[EventRounds "7"]
[EventCountry "ENG"]

1. d4 Nf6 2. c4 g6 3. e3 Bg7 4. Nf3 c5 5. d5 d6 6. Nc3 e6 7. e4 O-O 8. Be2 exd5 9.
exd5 Na6 10. a3 Nc7 11. O-O a6 12. Bf4 Bg4 13. h3 Bxf3 14. Bxf3 b5 15. b3 bxc4 16.
bxc4 Rb8 17. Rb1 Nfe8 18. Ne4 Rxb1 19. Qxb1 f5 20. Nd2 Nf6 21. Qb6 Nfe8 22. Re1 Bf6
23. Nb3 g5 24. Bd2 g4 25. hxg4 fxg4 26. Bxg4 Be5 27. Be3 Qh4 28. Bh3 Qxc4 29. Nd2
Qxd5 30. Nf3 Rxf3 31. gxf3 Qxf3 32. Bg2 Qh5 33. Qb3+ Kh8 34. f4 Qh4 35. Rf1 Bg7 36.
f5 Bd4 37. Bxd4+ Qxd4+ 38. Kh1 Qh4+ 39. Qh3 Qxh3+ 40. Bxh3 Nf6 41. Re1 Ncd5 42. Bg2
Kg7 43. Bxd5 Nxd5 44. Re6 c4 45. Rxd6 Ne3 46. f6+ Kf7 47. Rxa6 c3 48. Rc6 c2 49.
a4 c1=Q+ 50. Rxc1 Kxf6 51. Rc5 Ke6 52. a5 Kd6 53. Rc1 Nd5 54. a6 Nb6 55. a7 Kd7 56.
Rb1  1-0

[Event "4th 4NCL Easter Congress"]
[Site "Holiday Inn Peterborough - West"]
[Date "2024.03.30"]
[Round "2"]
[Board "15"]
[White "Hutchinson, Stephen A"]
[Black "Jerome, Stellio"]
[Result "0-1"]
[WhiteElo "1135"]
[BlackElo "1674"]
[PlyCount "0"]
[EventDate "2024.03.29"]
[EventRounds "7"]
[EventCountry "ENG"]

1. d4 f5 2. Nf3 Nf6 3. Bf4 e6 4. e3 b6 5. Nbd2 Bb7 6. Bb5 Be7 7. Qe2 O-O 8. O-O-O
a6 9. Bc4 b5 10. Bb3 Kh8 11. Ng5 Bd5 12. Be5 Nc6 13. Bxf6 Bxf6 14. h4 Qe8 15. Bxd5
exd5 16. Ndf3 Kg8 17. Qd3 h6 18. Qxf5 Bxg5 19. hxg5 Rxf5 20. gxh6 gxh6 21. Rxh6 Rh5
22. Rxh5 Qxh5 23. Rg1 Kf7 24. Ne5+ Nxe5 25. dxe5 Qxe5 26. g4 Rg8 27. Kb1 Qh2 28.
Rd1 Rxg4 29. a3 Rg1 30. Rxg1 Qxg1+ 31. Ka2 Qxf2 32. c3 Qxe3 33. Kb3 Qc5 34. a4 Qc4+
35. Kc2 Qxa4+ 36. Kb1 Qb3 37. Kc1 c5 38. Kb1 a5 39. Kc1 b4 40. cxb4 axb4 41. Kb1
c4 42. Kc1 c3 43. bxc3 Qxc3+ 44. Kb1 Qd2 45. Ka1 b3 46. Kb1 Qc2+ 47. Ka1 Qa2#  0-1

[Event "4th 4NCL Easter Congress"]
[Site "Holiday Inn Peterborough - West"]
[Date "2024.03.30"]
[Round "2"]
[Board "16"]
[White "Hristov, Georgi"]
[Black "Graeme, Matthew"]
[Result "1-0"]
[WhiteElo "1661"]
[BlackElo "1156"]
[PlyCount "0"]
[EventDate "2024.03.29"]
[EventRounds "7"]
[EventCountry "ENG"]

1. d4 f5 2. g3 Nf6 3. Bg2 g6 4. Bf4 Bg7 5. Nc3 c6 6. Qd2 d5 7. h3 O-O 8. Bh6 Nbd7
9. Bxg7 Kxg7 10. g4 Nb6 11. b3 a5 12. a4 e6 13. Nf3 Nbd7 14. g5 Ne4 15. Nxe4 fxe4
16. Ne5 Rf5 17. f4 exf3 18. Nxf3 e5 19. dxe5 Nxe5 20. Qd4 Rxg5 21. Nxg5 Qxg5 22.
h4 Qg3+ 23. Qf2 Qc3+ 24. Kd1 Qxa1+ 25. Kd2 Ng4 26. Qf4 Qb2 27. Qc7+ Kg8 28. Qd8+
Kg7 29. Qe7+ Kh6 30. Qf7 Qg7 31. Qf4+ Kh5  1-0

[Event "4th 4NCL Easter Congress"]
[Site "Holiday Inn Peterborough - West"]
[Date "2024.03.30"]
[Round "2"]
[Board "17"]
[White "Cheng, Wing"]
[Black "Fletcher, Ben J"]
[Result "1-0"]
[WhiteElo "1649"]
[BlackElo "1605"]
[PlyCount "0"]
[EventDate "2024.03.29"]
[EventRounds "7"]
[EventCountry "ENG"]

1. e4 c5 2. Nf3 d6 3. d4 cxd4 4. Nxd4 Nf6 5. Nc3 a6 6. Bc4 e6 7. Be3 b5 8. Bd3 Be7
9. O-O e5 10. Nf3 O-O 11. Nd5 Nxd5 12. exd5 Nd7 13. Nd2 Nf6 14. c4 bxc4 15. Bxc4
Bd7 16. f3 Bb5 17. Bxb5 axb5 18. Qb3 Qb8 19. Ne4 Rc8 20. Nxf6+ Bxf6 21. Rac1 Bd8
22. Rxc8 Qxc8 23. Qxb5 Be7 24. Rc1 Qa6 25. Qxa6 Rxa6 26. a3 f6 27. Bd2 Rb6 28. Bb4
Rb5 29. Rd1 Kf7 30. Bc3 Bd8 31. b4 Bb6+ 32. Kf1 Bd4 33. Bxd4 Rxd5 34. a4 exd4 35.
a5 Ke6 36. a6 Rh5 37. a7 Rxh2 38. a8=Q Rh1+ 39. Ke2 Rh2 40. Qe8+ Kd5 41. Qe4+ Kc4
42. Qxd4+ Kb5 43. Qd5+ Kxb4 44. Rb1+ Kc3 45. Qd3#  1-0

[Event "4th 4NCL Easter Congress"]
[Site "Holiday Inn Peterborough - West"]
[Date "2024.03.30"]
[Round "2"]
[Board "18"]
[White "Masterson, Desmond"]
[Black "RoyChowdhury, Aashita"]
[Result "0-1"]
[WhiteElo "1100"]
[BlackElo "1579"]
[PlyCount "0"]
[EventDate "2024.03.29"]
[EventRounds "7"]
[EventCountry "ENG"]

1. e4 c6 2. d4 d5 3. exd5 cxd5 4. Nf3 Nc6 5. Be2 Bf5 6. a3 e6 7. O-O h6 8. Bd3 Bg4
9. Be2 Qb6 10. b4 Bxf3 11. Bxf3 Qxd4 12. Qxd4 Nxd4 13. Be3 Nxc2 14. Ra2 Nxe3 15.
fxe3 Nf6 16. Nc3 Bd6 17. h3 O-O 18. Re1 Bg3 19. Ree2 Rac8 20. Rac2 a6 21. Red2 Be1
22. Rd3 Rc7 23. Kf1 Bxc3 24. Rdxc3 Rxc3 25. Rxc3 Rd8 26. Rd3 e5 27. e4 d4 28. g4
Nd7 29. Bd1 Nb6 30. Bb3 Kf8 31. Rf3 f6 32. Rd3 Rc8 33. Ke2 Nc4 34. Bxc4 Rxc4 35.
Kd2 b5 36. Rf3 Kf7 37. h4 Kg6  0-1

[Event "4th 4NCL Easter Congress"]
[Site "Holiday Inn Peterborough - West"]
[Date "2024.03.30"]
[Round "2"]
[Board "19"]
[White "Merrifield, Peter"]
[Black "Gopinath, Krithik"]
[Result "0-1"]
[WhiteElo "1441"]
[BlackElo "1100"]
[PlyCount "0"]
[EventDate "2024.03.29"]
[EventRounds "7"]
[EventCountry "ENG"]

1. e4 e5 2. Nf3 Nc6 3. d4 exd4 4. Nxd4 Nxd4 5. Qxd4 Nf6 6. Nc3 d6 7. Bc4 Be6 8. Bxe6
fxe6 9. O-O c5 10. Qe3 Be7 11. Rd1 O-O 12. h3 Qc7 13. Ne2 Rad8 14. Nf4 Qc8 15. Bd2
e5 16. Nd5 Nxd5 17. exd5 Rf6 18. Rf1 Rdf8 19. Bc3 Rg6 20. Rae1 Bh4 21. Re2 Rf4 22.
f3 Qxh3 23. g4 Rgxg4+  0-1

[Event "4th 4NCL Easter Congress"]
[Site "Holiday Inn Peterborough - West"]
[Date "2024.03.30"]
[Round "3"]
[Board "1"]
[White "Griffin-Young, Sebastian"]
[Black "Homer, Neil S"]
[Result "1/2-1/2"]
[WhiteElo "1576"]
[BlackElo "1693"]
[PlyCount "0"]
[EventDate "2024.03.29"]
[EventRounds "7"]
[EventCountry "ENG"]

1. Nf3 d5 2. g3 c5 3. Bg2 Nc6 4. d3 e5 5. O-O Nf6 6. Nc3 Be7 7. e4 d4 8. Ne2 O-O
9. Bg5 Ng4 10. Bxe7 Qxe7 11. h3 Nf6 12. Ne1 Nd7 13. f4 exf4 14. Nxf4 Nf6 15. Nf3
Ne5 16. c3 Nxf3+ 17. Qxf3 Qe5 18. Rac1 Bd7 19. Kh2 Rac8 20. Nd5 Nxd5 21. exd5 Qd6
22. cxd4 cxd4 23. Rc4 Rxc4 24. dxc4 Qe7 25. Qd3 Qe5 26. Rd1 Re8 27. Qxd4 Qxd4 28.
Rxd4 Re2 29. c5 Kf8 30. Kg1 Rc2 31. b4 a5 32. a3 axb4 33. axb4 Ke8 34. d6 Bc6 35.
Bxc6+ bxc6 36. Re4+ Kd8 37. Re7 Rb2 38. Rxf7 Rxb4 39. Rc7 Rc4 40. Rxc6 g5 41. Rc7
h5 42. Rh7 Rxc5 43. Rxh5 Kd7 44. h4 Rc1+ 45. Kg2 gxh4 46. gxh4 Kxd6 47. Kg3 Ke7 48.
Rf5 Rg1+ 49. Kh2 Rg8 50. Kh3 Rf8 51. Rg5 Kf7 52. h5 Rg8 53. Ra5 Kg7 54. Kg4 Kh6+
55. Kh4 Rg1 56. Ra6+ Kh7 57. h6 Rg2 58. Kh5 Rh2+ 59. Kg5 Rg2+ 60. Kf5 Rh2 61. Ra8
 1/2-1/2

[Event "4th 4NCL Easter Congress"]
[Site "Holiday Inn Peterborough - West"]
[Date "2024.03.30"]
[Round "3"]
[Board "2"]
[White "Dhingra, Kanvansh"]
[Black "Cheng, Wing"]
[Result "1/2-1/2"]
[WhiteElo "1609"]
[BlackElo "1649"]
[PlyCount "0"]
[EventDate "2024.03.29"]
[EventRounds "7"]
[EventCountry "ENG"]

1. e4 e6 2. d4 d5 3. e5 c5 4. c3 Nc6 5. Nf3 Qb6 6. Be2 cxd4 7. cxd4 Nge7 8. Nc3 Nf5
9. Na4 Qc7 10. O-O Bd7 11. g4 Nh6 12. Bxh6 gxh6 13. Rc1 Qd8 14. Nc5 Bxc5 15. Rxc5
Rg8 16. h3 f5 17. exf6 Qxf6 18. Kh1 b6 19. Rc1 Ke7 20. Qb3 h5 21. Qa3+ Ke8 22. g5
Qf5  1/2-1/2

[Event "4th 4NCL Easter Congress"]
[Site "Holiday Inn Peterborough - West"]
[Date "2024.03.30"]
[Round "3"]
[Board "3"]
[White "Saha, Soumil"]
[Black "Wallman, James"]
[Result "1-0"]
[WhiteElo "1479"]
[BlackElo "1647"]
[PlyCount "0"]
[EventDate "2024.03.29"]
[EventRounds "7"]
[EventCountry "ENG"]

1. d4 d5 2. c4 e6 3. cxd5 exd5 4. Nf3 Nc6 5. Nc3 Nf6 6. Bg5 Be6 7. e3 Be7 8. Bd3
h6 9. Bh4 g5 10. Bg3 Bb4 11. Qb3 Bxc3+ 12. Qxc3 a6 13. Ne5 Bd7 14. Nxd7 Qxd7 15.
Qc5 b6 16. Qa3 Nb8 17. Be5 Qd8 18. Qa4+ Nfd7 19. Bxh8 f6 20. Bg7 h5 21. Bg6+ Ke7
22. Qc2 Qg8 23. Bh6 Qh8 24. Bh7 c6 25. Qg6 Nf8 26. Bxf8+ Qxf8 27. Qxh5 Nd7 28. Bf5
Rd8 29. Qh7+ Kd6 30. Bxd7 Rxd7 31. Qd3 b5 32. Qa3+ c5 33. Qxc5+  1-0

[Event "4th 4NCL Easter Congress"]
[Site "Holiday Inn Peterborough - West"]
[Date "2024.03.30"]
[Round "3"]
[Board "4"]
[White "Fraser, Chris A"]
[Black "Fisher, Neal"]
[Result "1-0"]
[WhiteElo "1626"]
[BlackElo "1694"]
[PlyCount "0"]
[EventDate "2024.03.29"]
[EventRounds "7"]
[EventCountry "ENG"]

1. e4 e5 2. Nf3 d6 3. d4 exd4 4. Nxd4 Be7 5. Nc3 c6 6. Bf4 Nf6 7. Qd2 O-O 8. O-O-O
a6 9. f3 Nh5 10. Be3 b5 11. a3 c5 12. Nb3 Be6 13. Nd5 c4 14. Nxe7+ Qxe7 15. Nd4 Bc8
16. g4 Nf6 17. h4 Ne8 18. h5 Bd7 19. Nf5 Bxf5 20. gxf5 Nd7 21. Qd5 Rc8 22. h6 Ndf6
23. Qd2 g6 24. Bd4 Kh8 25. Bc3 Rg8 26. Bh3 g5 27. Rhg1 g4 28. Rxg4 Rxg4 29. Bxg4
Qf8 30. Qg5 Qe7 31. Bh3 Ra8 32. Rg1 a5 33. Qg8#  1-0

[Event "4th 4NCL Easter Congress"]
[Site "Holiday Inn Peterborough - West"]
[Date "2024.03.30"]
[Round "3"]
[Board "5"]
[White "Cuthbert, Larissa"]
[Black "Ramsey, David"]
[Result "0-1"]
[WhiteElo "1605"]
[BlackElo "1682"]
[PlyCount "0"]
[EventDate "2024.03.29"]
[EventRounds "7"]
[EventCountry "ENG"]

1. d4 Nf6 2. c4 g6 3. Nc3 Bg7 4. e4 d6 5. Be2 O-O 6. Nf3 Nbd7 7. O-O b6 8. Qc2 e5
9. d5 a5 10. Bg5 h6 11. Bh4 g5 12. Bg3 Nc5 13. Rad1 Nh5 14. a3 f5 15. Nd2 Nxg3 16.
hxg3 g4 17. b4 axb4 18. axb4 Nb7 19. Bd3 f4 20. gxf4 Rxf4 21. Ne2 Rf7 22. Ng3 Qg5
23. Nb3 h5 24. c5 h4 25. Ne2 h3 26. g3 Qf6 27. Nd2 Bh6 28. f4 bxc5 29. b5 Bd7 30.
Qb2 Raf8 31. f5 Be3+ 32. Kh2 Rg7 33. Nc4 Bd4 34. Qa3 Bxb5 35. Nxe5 Bxe5 36. Bxb5
Nd8 37. Nf4 Bxf4 38. Rxf4 Nf7 39. Bd7 Ne5 40. Be6+ Kh8 41. Rf2 Rb8 42. Qa7 Rb3 43.
Qa8+ Kh7 44. Ra2 Rb2+ 45. Kh1 Nf3 46. Rxb2 Qxb2  0-1

[Event "4th 4NCL Easter Congress"]
[Site "Holiday Inn Peterborough - West"]
[Date "2024.03.30"]
[Round "3"]
[Board "6"]
[White "Morris, Nigel W"]
[Black "Sahoo, Shivam"]
[Result "1/2-1/2"]
[WhiteElo "1651"]
[BlackElo "1553"]
[PlyCount "0"]
[EventDate "2024.03.29"]
[EventRounds "7"]
[EventCountry "ENG"]

1. d4 d5 2. e3 Nf6 3. Nf3 Bf5 4. c4 e6 5. Qb3 Qc8 6. cxd5 exd5 7. Nc3 c6 8. Bd2 Bd6
9. Rc1 h6 10. Nh4 Be6 11. Bd3 b6 12. Nb5 Be7 13. Bb4 c5 14. Qc2 a6 15. Na3 Nbd7 16.
Bd2 c4 17. Nb1 O-O 18. Be2 Ne4 19. Nf3 Bf5 20. Qd1 Qb7 21. O-O Rac8 22. Ne1 Nef6
23. g4 Bg6 24. f4 Bxb1 25. Rxb1 Qc7 26. Ng2 Ne4 27. Rc1 a5 28. Qe1 Rfe8 29. a3 Rf8
30. f5 Bd6 31. Nf4 Ndf6 32. h3 g5 33. fxg6 fxg6 34. Ne6 Bg3 35. Nxc7 Bxe1 36. Bxe1
Rxc7 37. Kg2 h5 38. gxh5 gxh5 39. Kh2 Rcf7 40. Rg1+ Kh7 41. Bh4 Kh6 42. Rg2 Rg8 43.
Rcg1 Rfg7 44. Rxg7 Rxg7 45. Rxg7 Kxg7 46. Be1 Kg6 47. Kg2 Kg5 48. a4 Nd7 49. Kf3
Ndf6 50. Bf1 Ng3  1/2-1/2

[Event "4th 4NCL Easter Congress"]
[Site "Holiday Inn Peterborough - West"]
[Date "2024.03.30"]
[Round "3"]
[Board "7"]
[White "Loyden, Gary"]
[Black "Kilambi, Aahna"]
[Result "1/2-1/2"]
[WhiteElo "1647"]
[BlackElo "1571"]
[PlyCount "0"]
[EventDate "2024.03.29"]
[EventRounds "7"]
[EventCountry "ENG"]

1. c4 e6 2. Nf3 Nf6 3. g3 d5 4. Bg2 Bd6 5. O-O O-O 6. cxd5 exd5 7. d4 Bf5 8. Nc3
Nbd7 9. Nh4 Be6 10. Nf3 c5 11. dxc5 Bxc5 12. Nd4 Qb6 13. Nxe6 fxe6 14. Na4 Qc7 15.
Nxc5 Qxc5 16. Be3 Qe7 17. Rc1 Ne5 18. Bc5 Qf7 19. Bxf8 Rxf8 20. Qc2 Nc6 21. e3 Qh5
22. Qd1 Qh6 23. Qe2 Ne4 24. Bxe4 dxe4 25. Rc5 a6 26. Qg4 Qf6 27. Qxe4 Nd8 28. b3
Nf7 29. h4 Nd6 30. Qe5 Qe7 31. Rfc1 Nf7 32. Qc7 Qf6 33. Qxb7 Ne5 34. Rxe5 Qxe5 35.
Qxa6 Qf6  1/2-1/2

[Event "4th 4NCL Easter Congress"]
[Site "Holiday Inn Peterborough - West"]
[Date "2024.03.30"]
[Round "3"]
[Board "8"]
[White "Bellano, Harry"]
[Black "Jerome, Stellio"]
[Result "1-0"]
[WhiteElo "1603"]
[BlackElo "1674"]
[PlyCount "0"]
[EventDate "2024.03.29"]
[EventRounds "7"]
[EventCountry "ENG"]

1. e4 e6 2. d4 d5 3. e5 c5 4. c3 Nc6 5. Nf3 Nge7 6. Bd3 cxd4 7. cxd4 Bd7 8. Nc3 a6
9. O-O Nb4 10. Bb1 Ng6 11. a3 Nc6 12. b4 Rc8 13. Bb2 Na7 14. Nd2 Nb5 15. Na4 Nf4
16. Nc5 Bxc5 17. bxc5 Nc7 18. Qg4 g5 19. Bc1 h5 20. Qf3 f5 21. Nb3 Ng6 22. Na5 Bc6
23. Nxc6 bxc6 24. g3 h4 25. g4 Kd7 26. gxf5 Nf4 27. Bxf4 gxf4 28. Qxf4 Rf8 29. f6
Nb5 30. Qxh4 Rh8 31. Qf4 Nc3 32. Qe3 Qg8+ 33. Kh1 Nxb1 34. Rfxb1 Qg4 35. Rb7+ Rc7
36. Rxc7+ Kxc7 37. Rg1 Qh5 38. Qg3 Kd8 39. f7 Qxf7 40. Qg5+ Kc8 41. Qf6 Rxh2+ 42.
Kxh2 Qh5+ 43. Kg3 Qh7 44. Qxe6+ Kb7 45. f4 Qd3+ 46. Kg4 Qe2+ 47. Kg5 Qe4 48. Qf5
Kc7  1-0

[Event "4th 4NCL Easter Congress"]
[Site "Holiday Inn Peterborough - West"]
[Date "2024.03.30"]
[Round "3"]
[Board "9"]
[White "Dargue, Peter W"]
[Black "Hristov, Georgi"]
[Result "0-1"]
[WhiteElo "1584"]
[BlackElo "1661"]
[PlyCount "0"]
[EventDate "2024.03.29"]
[EventRounds "7"]
[EventCountry "ENG"]

1. e4 a6 2. d4 b5 3. a4 Bb7 4. Bd3 Nf6 5. f3 b4 6. c3 e6 7. Bd2 a5 8. cxb4 axb4 9.
b3 c5 10. Be3 Qc7 11. Nd2 d6 12. Rc1 Nbd7 13. Nh3 Be7 14. O-O O-O 15. dxc5 dxc5 16.
Bb5 Ba6 17. Bxa6 Rxa6 18. Qe2 Rc6 19. Nc4 Ne5 20. Bf4 Nfd7 21. Rfd1 Bd6 22. Nxd6
Rxd6 23. Rxd6 Qxd6 24. Rd1 Qb6 25. Be3 Rd8 26. f4 Nc6 27. Rd6 Nd4 28. Qh5 Qxd6 29.
Ng5 Nf6 30. Qxf7+ Kh8 31. e5 Ne2+ 32. Kf2 Ng4+ 33. Kxe2 Qd1#  0-1

[Event "4th 4NCL Easter Congress"]
[Site "Holiday Inn Peterborough - West"]
[Date "2024.03.30"]
[Round "3"]
[Board "10"]
[White "RoyChowdhury, Aashita"]
[Black "Zajaczkowski, Marek"]
[Result "0-1"]
[WhiteElo "1579"]
[BlackElo "1656"]
[PlyCount "0"]
[EventDate "2024.03.29"]
[EventRounds "7"]
[EventCountry "ENG"]

1. e4 Nf6 2. Nc3 d5 3. e5 Nfd7 4. d4 Nb6 5. Bf4 e6 6. a3 c5 7. Nf3 Nc6 8. Bb5 Bd7
9. Bxc6 Bxc6 10. O-O Nc4 11. b3 Nxa3 12. Be3 Nb5 13. Nxb5 Bxb5 14. c4 dxc4 15. Qe2
b6 16. bxc4 Bc6 17. Rfd1 cxd4 18. Bxd4 Qc7 19. Qe3 Rd8 20. Rac1 Be7 21. h3 Qb7 22.
Ra1 O-O 23. Ne1 Rd7 24. f3 Rfd8 25. Rd3 Rxd4 26. Rxd4 Rxd4 27. Rb1 Bc5 28. Kh2 Qc7
29. Qg5 f6 30. Qc1 Qxe5+ 31. Kh1 Bd6 32. f4 Qxf4 33. Qxf4 Rxf4 34. Nd3 Rh4 35. Kg1
Be4 36. Rd1 Bxd3 37. Rxd3 Bc5+ 38. Kf1 Rd4 39. Rc3 Kf7 40. Ke2 e5 41. Rc2 Ke6 42.
Ra2 a5 43. Ra4 Kd6 44. g4 g5 45. Kf1 Bb4 46. Ke2 Kc5 47. Ra2 Kxc4 48. Ke3 b5 49.
Rc2+ Bc3 50. Rf2 Rf4 51. Rc2 b4 52. Ra2 Bd4+ 53. Ke2 Rf2+ 54. Kd1 Rxa2 55. Ke1 Kd3
56. Kf1 b3 57. h4 gxh4 58. g5 fxg5 59. Ke1 Rc2 60. Kd1 b2 61. Ke1 b1=R#  0-1

[Event "4th 4NCL Easter Congress"]
[Site "Holiday Inn Peterborough - West"]
[Date "2024.03.30"]
[Round "3"]
[Board "11"]
[White "Neville, Andy"]
[Black "Smith, Adam"]
[Result "0-1"]
[WhiteElo "1503"]
[BlackElo "1646"]
[PlyCount "0"]
[EventDate "2024.03.29"]
[EventRounds "7"]
[EventCountry "ENG"]

1. e4 c6 2. d4 d5 3. e5 c5 4. Nf3 Nc6 5. Bb5 Bg4 6. Be3 a6 7. Be2 e6 8. c3 Nge7 9.
Bg5 Qb6 10. Qb3 Qxb3 11. axb3 Bxf3 12. Bxf3 cxd4 13. O-O dxc3 14. bxc3 Nxe5 15. Be2
h6 16. Bf4 N5g6 17. Be3 Nf5 18. Bb5+ Ke7 19. Bb6 Rc8 20. Ba4 Ne5 21. Rd1 f6 22. Ba5
b5 23. Bxb5 axb5 24. Bb4+ Kf7 25. Na3 Bxb4 26. cxb4 Nd6 27. Rac1 Rxc1 28. Rxc1 Ra8
29. Rc7+ Kg6 30. Nc2 d4 31. h3 d3 32. Nd4 d2 33. Nxe6 d1=Q+ 34. Kh2 Ndf7 35. f4 Qd6
 0-1

[Event "4th 4NCL Easter Congress"]
[Site "Holiday Inn Peterborough - West"]
[Date "2024.03.30"]
[Round "3"]
[Board "12"]
[White "Sartain, Patrick P"]
[Black "Vu, Viet"]
[Result "0-1"]
[WhiteElo "1642"]
[BlackElo "1500"]
[PlyCount "0"]
[EventDate "2024.03.29"]
[EventRounds "7"]
[EventCountry "ENG"]

1. e4 e5 2. Nf3 Nc6 3. Bc4 Bc5 4. c3 d6 5. b4 Bb6 6. Qb3 Qf6 7. h3 h6 8. a4 a5 9.
b5 Nce7 10. d3 Be6 11. Nbd2 Ng6 12. Bxe6 fxe6 13. Nc4 N8e7 14. Nxb6 cxb6 15. O-O
O-O 16. Nh2 Nf4 17. Bxf4 exf4 18. Rae1 Kh7 19. d4 e5 20. Ng4 Qg5 21. dxe5 dxe5 22.
Qe6 Ng6 23. f3 h5 24. Nh2 Rf6 25. Qd5 Nh4 26. Rf2 Rg6 27. Ree2 Rd8 28. Qb3 Rgd6 29.
Qc2 Rd1+ 30. Rf1 Rxf1+ 31. Kxf1 Rd6 32. Kg1 Kg8 33. Rd2 Rg6 34. Kh1 Kh7 35. c4 Qg3
36. Nf1 Qg5 37. Rf2 Rd6 38. Rd2 Qd8 39. Rxd6 Qxd6 40. Qd2 Qg6 41. Qf2 Qf6 42. Nh2
g5 43. g4 Qd8 44. gxh5 Qd1+ 45. Qg1 Qxa4 46. Qxg5 Qd1+ 47. Qg1 Qxg1+ 48. Kxg1 a4
49. Nf1 Nxf3+ 50. Kf2 a3  0-1

[Event "4th 4NCL Easter Congress"]
[Site "Holiday Inn Peterborough - West"]
[Date "2024.03.30"]
[Round "3"]
[Board "13"]
[White "Gopinath, Krithik"]
[Black "Gibbs, John"]
[Result "0-1"]
[WhiteElo "1100"]
[BlackElo "1699"]
[PlyCount "0"]
[EventDate "2024.03.29"]
[EventRounds "7"]
[EventCountry "ENG"]

1. e4 c5 2. Nf3 d6 3. d4 cxd4 4. Nxd4 Nf6 5. Nc3 a6 6. Bg5 e6 7. Bxf6 Qxf6 8. Bd3
Be7 9. O-O O-O 10. Nf3 Nd7 11. Re1 b5 12. Qd2 Bb7 13. Ng5 Qxg5 14. Re3 f5 15. f4
Qxf4 16. Rf1 Qg5 17. Rff3 f4 18. Re2 Ne5 19. Rh3 Qg4 20. Rf2 f3 21. Rg3 Qf4 22. Qe1
Bh4 23. Ne2 Qe3 24. Rgxf3 Rxf3 25. gxf3 Nxf3+  0-1